| 000 | 00363nam a22001337a 4500 | ||
|---|---|---|---|
| 020 | _a9780367493844 | ||
| 082 |
_a 343.0968 _bMAR |
||
| 245 |
_aMaritime Law / _cEdited by Yvonne Baatz & Ainhoa Campas Velasco and et all |
||
| 260 |
_aNew York : _bRoutledge, _c2021. |
||
| 300 | _a625 p. | ||
| 563 | _aPB. | ||
| 650 |
_aLaw, Maritime Law _9128433 |
||
| 942 |
_2ddc _cBK |
||
| 999 |
_c613397 _d613397 |
||